zpět

Detail výsledku týmu

Pivovar Podlesí, Příbram

Datum a čas kvízu

24.5 Celkem bodů Celkový počet nahraných bodů na tomto kvízu bez doplňovacích otázek.
3. Pořadí na kvízu Konečné umístění týmu na tomto kvízu.

Zaznamenané odpovědi

# Otázka Odpověď Body Výsledky
1. Zlidovělý výraz Andreje Babiše... 0
2. "Filosof a revolucionář Karl M... 0
3. Americká Akademie filmových um... 0
4. Desítky nových "hackerů" ročně... 0
5. Minulý týden začala první cykl... 0
6. Košile patří k základním typům... 0
7. Dámská obdoba košile se nejčas... 1
8. Jak se jmenuje tento politik,... 1
9. Ze kterého česko-německého tel... 0
10. Polotriko, zkráceně polo, je j... 1